000
00290nam a2200109Ia 4500
008
230907s9999||||xx |||||||||||||| ||und||
082
_a
621.312
_b
ASK
100
_a
Askeland, Donald R.
_9
14727
245
0
_a
Essentials of materials science and engineering
300
_a
pages cm
942
_c
BK
999
_c
598298
_d
598298